| 000 | 01394nam a2200325 a 4500 | ||
|---|---|---|---|
| 001 | ebr10328869 | ||
| 003 | CaPaEBR | ||
| 006 | m u | ||
| 007 | cr cn||||||||| | ||
| 008 | 021024s2003 maua sb 001 0 eng | ||
| 020 | _z0674010221 (cloth) | ||
| 020 | _z0674011031 (paper) | ||
| 040 |
_aCaPaEBR _cCaPaEBR |
||
| 035 | _a(OCoLC)456237502 | ||
| 043 | _ae-fr--- | ||
| 050 | 1 | 4 |
_aPN841 _b.E38 2003eb |
| 082 | 0 | 4 |
_a809/.8896/00904 _221 |
| 100 | 1 | _aEdwards, Brent Hayes. | |
| 245 | 1 | 4 |
_aThe practice of diaspora : _bliterature, translation, and the rise of Black internationalism _h[electronic resource] / _cBrent Hayes Edwards. |
| 260 |
_aCambridge, Mass. : _bHarvard University Press, _c2003. |
||
| 300 |
_aviii, 397 p. : _bill. |
||
| 504 | _aIncludes bibliographical references (p. [321]-386) and index. | ||
| 533 |
_aElectronic reproduction. _bPalo Alto, Calif. : _cebrary, _d2013. _nAvailable via World Wide Web. _nAccess may be limited to ebrary affiliated libraries. |
||
| 650 | 0 |
_aLiterature _xBlack authors _xHistory and criticism. |
|
| 650 | 0 |
_aLiterature, Modern _y20th century _xHistory and criticism. |
|
| 651 | 0 |
_aParis (France) _xIntellectual life _y20th century. |
|
| 655 | 7 |
_aElectronic books. _2local |
|
| 710 | 2 | _aebrary, Inc. | |
| 856 | 4 | 0 |
_uhttp://site.ebrary.com/lib/rucke/Doc?id=10328869 _zAn electronic book accessible through the World Wide Web; click to view |
| 999 |
_c55368 _d55368 |
||